Materiál ako komunikačný nástroj a emocionálna podpora pre začínajúcich vodičov

Enregistré dans:
Détails bibliographiques
Auteur principal: Matušovičová, Simona (Auteur)
Autres auteurs: Olah, Peter (Directeur de thèse)
Format: Manuscrit Livre
Langue:slovaque
Publié: Bratislava 2023
Sujets:
Accès en ligne:http://is.stuba.sk/zp/portal_zp.pl?podrobnosti=170312
Tags: Ajouter un tag
Pas de tags, Soyez le premier à ajouter un tag!

MARC

LEADER 00000ntm a22000003a 4500
001 stuzp93766
003 SK-STU
005 20231010103612.0
007 ta
008 150427s2015----xo-----f-mn---000-0-slo-d
040 |a STU  |b slo 
041 0 |a slo 
100 1 |a Matušovičová, Simona  |u 059190  |4 aut  |U FAD Fakulta architektúry a dizajnu  |T FAD Ústav dizajnu  |X 93688  |U A9190  |Y 400  |7 93688 
242 0 1 |a Material as a communication tool and emotional support for novice drivers  |y eng 
245 1 0 |a Materiál ako komunikačný nástroj a emocionálna podpora pre začínajúcich vodičov 
260 |c 2023  |a Bratislava 
650 4 |a Materiály a komunikácia  |2 slo 
650 4 |a testovanie materiálových vzoriek  |2 slo 
650 4 |a haptické a mäkké povrchy  |2 slo 
650 4 |a psychológia farieb a tvarov  |2 slo 
650 4 |a pozitívne a negatívne emócie  |2 slo 
650 4 |a zmysly  |2 slo 
650 4 |a fotochromizmus  |2 slo 
650 4 |a mladý začínajúci vodič  |2 slo 
650 4 |a mobilita  |2 slo 
650 4 |a senses  |2 eng 
650 4 |a psychology of colors and shapes  |2 eng 
650 4 |a young novice driver  |2 eng 
650 4 |a mobility  |2 eng 
650 4 |a positive and negative emotions  |2 eng 
650 4 |a haptic and soft surfaces  |2 eng 
650 4 |a testing material samples  |2 eng 
650 4 |a photochromism  |2 eng 
650 4 |a Materials and communication  |2 eng 
700 1 |a Olah, Peter  |u 059190  |k Z1  |4 ths  |U FAD Fakulta architektúry a dizajnu  |T FAD Ústav dizajnu  |X 5303  |U A9190  |Y 400  |7 A000005303 
856 4 |u http://is.stuba.sk/zp/portal_zp.pl?podrobnosti=170312  |u https://opac.crzp.sk/?fn=detailBiblioForm&sid=1755732D0F093F437BA03EEAC795